|
|
|
|
| LEADER |
00000nam2a2200000 4500 |
| 001 |
338143 |
| 005 |
20231102005023.0 |
| 035 |
|
|
|a (RuTPU)RU\TPU\book\364632
|
| 035 |
|
|
|a RU\TPU\book\363267
|
| 090 |
|
|
|a 338143
|
| 100 |
|
|
|a 20171120d1936 k y0rusy50 ca
|
| 101 |
0 |
|
|a rus
|a eng
|
| 102 |
|
|
|a RU
|
| 105 |
|
|
|a a z 000zy
|
| 200 |
0 |
|
|a Т. 45 : Сведения о состоянии льда у берегов Советской Арктики за зиму 1933-34 гг.
|d Data about ice-conditions at shores of the soviet Arctic (winter-season of 1933-1934)
|e [сборник]
|f отв. ред. К. Гомоюнов
|
| 210 |
|
|
|d 1936
|
| 215 |
|
|
|a 56 с.
|c ил.
|
| 225 |
1 |
|
|a Гидрология
|
| 300 |
|
|
|a Резюме на англ. яз.
|
| 461 |
|
1 |
|0 (RuTPU)RU\TPU\book\314159
|t Труды Арктического института
|l Transactions of the Arctic Institute
|f Всесоюзный арктический институт (ВАИ)
|v Т. 45 : Сведения о состоянии льда у берегов Советской Арктики за зиму 1933-34 гг.
|d 1931-1938
|
| 510 |
1 |
|
|a Data about ice-conditions at shores of the soviet Arctic (winter-season of 1933-1934)
|z eng
|
| 606 |
1 |
|
|a Арктика
|x География
|2 stltpush
|3 (RuTPU)RU\TPU\subj\29357
|9 52708
|
| 610 |
1 |
|
|a наблюдения
|
| 610 |
1 |
|
|a исследования
|
| 610 |
1 |
|
|a льды
|
| 610 |
1 |
|
|a полярные моря
|
| 610 |
1 |
|
|a навигация
|
| 610 |
1 |
|
|a Северный морской путь
|
| 675 |
|
|
|a 91(98)
|v 3
|
| 702 |
|
1 |
|a Гомоюнов
|b К.
|4 340
|
| 801 |
|
1 |
|a RU
|b 63413507
|c 20130208
|
| 801 |
|
2 |
|a RU
|b 63413507
|c 20171129
|g RCR
|
| 942 |
|
|
|c BK
|